000 00513nam a2200193 a 4500
001 1773825107201
003 YourLibrary
005 20260318144535.0
008 260318s2004##################000#0#eng##
020 _a9780195165883
082 0 4 _a338.0973COR
100 1 _aCortada, James W.,
_eauthor.
245 1 0 _aThe Digital Hand :
260 _bOxford University Press, USA,
_c2004.
300 _a513 pages
650 0 _aBusiness & Economics.
942 _cENGLISH
040 _aYourLibrary
_beng
_cYourLibrary
999 _c617846
_d617846